| 000 | 00559nam a2200169 4500 | ||
|---|---|---|---|
| 001 | 5430 | ||
| 005 | 20181127175523.0 | ||
| 020 | 0 | 0 | _a9789993695301 |
| 090 | 0 | 0 | _a895.1 G996m 2015 |
| 100 |
_aGyaltshen, Pema. _b _c _d _e _q |
||
| 245 | 0 | 0 |
_aThe magical mongoose & the dzambhala / _b _cStory by Pema Gyaltshen, Illustrations by Chand Bhattarai. _h |
| 260 | 0 | 0 |
_a[Thimphu] : _bn.p., _c2015. |
| 300 | 0 | 0 | _a40 p. : col. ill. ; 22 cm. |
| 500 | 0 | 0 | _aIllustrations by Chand Bhattarai. |
| 651 |
_aBhutan --Fiction. _v _x _y _z _2 |
||
| 651 |
_aBhutan --Juvenile literature. _v _x _y _z _2 |
||
| 999 |
_c4564 _d4564 |
||